LEADER 01168nam2-2200385---450- 001 990003671940203316 005 20130701145535.0 010 $a978-88-8265-712-3 035 $a000367194 035 $aUSA01000367194 035 $a(ALEPH)000367194USA01 035 $a000367194 100 $a20120621d2012----km-y0itay50------ba 101 0 $aita 102 $aIT 105 $a||||||||001yy 200 1 $aItaliotai e italikoi$ele Testimonianze greche nel mediterraneo orientale$fdi Michela Nocita 210 $aRoma$cL'Erma di Bretschneider$d2012 215 $a303 p.$cill.$d24 cm 225 2 $aHesperìa$v28 410 0$10010070095$12001$aHesperìa$v, 28 606 0 $2BNCF 676 $a881.01 700 1$aNOCITA,$bMichela$0612527 801 0$aIT$bsalbc$gISBD 912 $a990003671940203316 951 $aIX.3. Coll. 2/ 22$b236615 L.M.$cIX.3. Coll.$d00311929 959 $aBK 969 $aUMA 979 $aPASSARO$b90$c20120621$lUSA01$h0930 979 $aPASSARO$b90$c20120621$lUSA01$h0940 979 $aPATRY$b90$c20130701$lUSA01$h1453 979 $aPATRY$b90$c20130701$lUSA01$h1455 996 $aItaliotai e italikoi$91141400 997 $aUNISA LEADER 01727nam 2200493Ia 450 001 9910701423103321 005 20120326114032.0 035 $a(CKB)5470000002418850 035 $a(OCoLC)781634820 035 $a(EXLCZ)995470000002418850 100 $a20120326d2011 ua 0 101 0 $aeng 135 $aurmn||||||||| 181 $ctxt$2rdacontent 182 $cc$2rdamedia 183 $acr$2rdacarrier 200 10$aRadiation-spray coupling for realistic flow configurations$b[electronic resource] /$fHossam El-Asrag, Anthony C. Iannetti 210 1$aCleveland, Ohio :$cNational Aeronautics and Space Administration, Glenn Research Center,$d[2011] 215 $a1 online resource (47 pages) $cillustrations (some color) 225 1 $aNASA/TM ;$v2011-217111 300 $aTitle from title screen (viewed on Mar. 26, 2012). 300 $a"October 2011." 320 $aIncludes bibliographical references (pages 41-44). 606 $aLarge eddy simulation$2nasat 606 $aInjection$2nasat 606 $aCombustion physics$2nasat 606 $aComputational fluid dynamics$2nasat 606 $aEvaporation rate$2nasat 606 $aMathematical models$2nasat 615 7$aLarge eddy simulation. 615 7$aInjection. 615 7$aCombustion physics. 615 7$aComputational fluid dynamics. 615 7$aEvaporation rate. 615 7$aMathematical models. 700 $aEl-Asrag$b Hossam$01407519 701 $aIannetti$b Anthony C$01407520 712 02$aNASA Glenn Research Center. 801 0$bGPO 801 1$bGPO 906 $aBOOK 912 $a9910701423103321 996 $aRadiation-spray coupling for realistic flow configurations$93489209 997 $aUNINA